Window of opportunity (Record no. 81703)
[ view plain ]
| 000 -LEADER | |
|---|---|
| fixed length control field | 00881cab a22002055a 4500 |
| 001 - CONTROL NUMBER | |
| control field | L148014 |
| 008 - FIXED-LENGTH DATA ELEMENTS--GENERAL INFORMATION | |
| fixed length control field | 090713e20090704xxk g 000 0 eng d |
| 035 ## - SYSTEM CONTROL NUMBER | |
| System control number | (Sirsi) u148014 |
| 041 0# - LANGUAGE CODE | |
| Language code of text/sound track or separate title | eng |
| 100 1# - MAIN ENTRY--PERSONAL NAME | |
| Personal name | Hill, Chris |
| 245 00 - TITLE STATEMENT | |
| Title | Window of opportunity |
| 260 ## - PUBLICATION, DISTRIBUTION, ETC. | |
| Date of publication, distribution, etc. | 2009 |
| 490 ## - SERIES STATEMENT | |
| Series statement | Estates Gazette |
| Volume/sequential designation | (0926) 4 July 2009, 104-106(3) |
| 520 ## - SUMMARY, ETC. | |
| Summary, etc. | When new developers acquire partially developed sites from distressed developers they need to assess how much work was done, what costs are required to complete the work, including liquidated damages, the value of retention, and liability for defective work and insurance. Also discusses how to structure the deal, safeguard the new developer and title issues on stalled developments. |
| 590 ## - LOCAL NOTE (RLIN) | |
| Local note | KA |
| 651 #4 - SUBJECT ADDED ENTRY--GEOGRAPHIC NAME | |
| Geographic name | United Kingdom |
| Chronological subdivision | |
| 690 ## - LOCAL SUBJECT ADDED ENTRY--TOPICAL TERM (OCLC, RLIN) | |
| Topical term or geographic name as entry element | PROPERTY-PROPERTY DEVELOPMENT |
| 700 1# - ADDED ENTRY--PERSONAL NAME | |
| Personal name | Wagerfield, Dan |
| 942 ## - ADDED ENTRY ELEMENTS (KOHA) | |
| Suppress in OPAC | 0 |
| Withdrawn status | Lost status | Source of classification or shelving scheme | Damaged status | Not for loan | Home library | Current library | Shelving location | Date acquired | Total Checkouts | Full call number | Barcode | Date last seen | Copy number | Price effective from | Koha item type |
|---|---|---|---|---|---|---|---|---|---|---|---|---|---|---|---|
| Dewey Decimal Classification | London | London | Journal article | 13/07/2009 | L148014 | 148014-1001 | 06/08/2019 | 1 | 06/08/2019 | Journal article |